000 00440nam a2200205Ia 4500
001 11990
003 GE_BSU
008 181216s||||||||xx |||||||||||||| ||und||
020 _a9780099506928
040 _cGE_BSU
080 _a821.111-32
100 _aHddon,Mark
245 2 _aA spot of bother
260 _aLondon
260 _bVintage books.
260 _c2006.
300 _a503p;20cm.
653 _aA spot of bother
942 _cBK
999 _c45167
_d45167